000 00803nam a22002297a 4500
008 240526b mp ||||| |||| 00| 0 mon d
020 _a978-9919-517-96-0
035 _a28146
040 _aДорноговь аймгийн нийтийн номын сан
_bmon
_cMN-UlNLM
_dMN-UlNLM
_erda
041 _amon
042 _a60453
084 _2НСНЗА
_a83.8
_bК.98
100 _aЭрих Э.
245 0 _aНисдэг анги
264 _aУБ.
_bМон судар хэвлэлийн газар
_c2022
300 _a213х.
336 _2rdacontent
_atext
_btxt
337 _2rdamedia
_aunmediated
_bn
338 _2rdacarrier
_avolume
_bnc
650 _aХүүхдийн шилдэг зохиолын гайхамшгийн эрэлд цуврал номоос ..........
942 _2NNA
_cBK
999 _c736205
_d736262